Datum a čas kvízu
37.5
Celkem bodů
Celkový počet nahraných bodů na tomto kvízu bez doplňovacích otázek.
4.
Pořadí na kvízu
Konečné umístění týmu na tomto kvízu.
Zaznamenané odpovědi
| # | Otázka | Odpověď | Body | Výsledky |
|---|---|---|---|---|
| 1. | Minulý týden bylo oznámeno, že... | kněz | 1 | |
| 2. | Policie v Nashvillu v americké... | C) hrál v pornografickém filmu | 1 | |
| 3. | Minulý týden bylo oznámeno, kt... | Viggo Mortensen | 1 | |
| 4. | Do mobilní aplikace Portál obč... | DROZD | 1 | |
| 5. | Druhá nejvyšší česká hokejová... | Maxa | 0 | |
| 6. | Jak se nazývá specializované o... | A | 0 | |
| 7. | Jak se jmenuje ovoce na obrázk... | kumquat (nagami nebo počeštěně kumkvat) | 1 | |
| 8. | Nyní nás bude zajímat ovoce zv... | C | 0 | |
| 9. | Vypište z následující řady dva... | jackfruit, rambutan | 0.5 | |
| 10. | Níže jsou názvy tří odrůd jabl... | C | 0 |